| 000 | 01043 a2200241 4500 | ||
|---|---|---|---|
| 003 | Nust | ||
| 005 | 20170207154022.0 | ||
| 010 | _a 2005013254 | ||
| 020 | _a1-56347-702-5 (alk. paper) | ||
| 020 | _a978-1-56347-702-7 (alk. paper) | ||
| 035 | _a(OCoLC)ocm60348928 | ||
| 040 | _cNust | ||
| 082 | 0 | 0 | _a621.3848 |
| 100 | 1 | _aJenn, David C. | |
| 245 | 1 | 0 |
_aRadar and laser cross section engineering-(E-BOOK) _cDavid C. Jenn |
| 250 | _a2. ed. | ||
| 260 |
_aReston, Va. : _bAmerican Institute of Aeronautics and Astronautics, _ccop. 2005 |
||
| 300 |
_axxi, 505 p. : _bill. ; _c24 cm. |
||
| 490 | 0 | _aAIAA education series | |
| 505 | _aRadar Cross Section (Page-1),Basic Theorems, Concepts, and Methods (Page-39), Frequency Domain Numerical Methods (Page-97),Time Domain Numerical Methods (Page-149),Microwave Optics (Page-221),Complex Targets (Page-257),Radar Cross Section Reduction (Page-335), Measurement of Radar Cross Section (Page-397), Laser Cross Section (Page-411). | ||
| 650 | 0 | _aTelecommunication engineering. | |
| 651 | _aE-BOOK | ||
| 942 |
_2ddc _cBK |
||
| 999 |
_c191714 _d191714 |
||